| 000 | 00464nam a2200157 i 4500 | ||
|---|---|---|---|
| 001 | 33934 | ||
| 003 | ES-MaACL | ||
| 005 | 20230906154839.0 | ||
| 007 | t| | ||
| 008 | 030203s1917 sp ||||1| spa d | ||
| 100 | 1 |
_aBlanc y Fortacín, José. _929119 |
|
| 245 | 1 | 0 |
_aCirugía práctica / _cJosé Blanc y Fortacín. |
| 260 |
_aMadrid : _b[s.n., _c1917] ( _fImprenta de la Revista de Medicina y Cirugía Prácticas) |
||
| 300 | _a2 t. | ||
| 852 |
_aES-MaACL _j1557-F-10 |
||
| 999 |
_c33934 _d33934 |
||